[Event "Campeonato España Sub 14"]
[Site "Salobreña"]
[Date "2017.07.17"]
[Round "2"]
[White "Jimenez Fernandez, Rebeca"]
[Black "Diaz Mino, Pablo"]
[Result "0-1"]
[Board "9"]
[WhiteClock "1:30"]
[WhiteElo "1676"]
[WhiteCountry "ESP"]
[WhiteFideId "32070934"]
[WhiteEloChange "-2"]
[BlackClock "1:30"]
[BlackElo "2047"]
[BlackCountry "ESP"]
[BlackFideId "24520470"]
[BlackEloChange "2"]

1. e4 {[%clk 1:30:00]} e6 {[%clk 1:30:00]} 2. d3 {[%clk 1:31:00]} d5 {[%clk
1:30:00]} 3. Nd2 {[%clk 1:31:00]} Nf6 {[%clk 1:30:00]} 4. Ngf3 {[%clk 1:32:00]}
Nc6 {[%clk 1:30:00]} 5. e5 {[%clk 1:32:00]} Nd7 {[%clk 1:30:00]} 6. d4 {[%clk
1:32:00]} f6 {[%clk 1:30:00]} 7. Bb5 {[%clk 1:32:00]} fxe5 {[%clk 1:28:00]} 8.
dxe5 {[%clk 1:32:00]} Be7 {[%clk 1:24:00]} 9. O-O {[%clk 1:31:00]} O-O {[%clk
1:23:00]} 10. Re1 {[%clk 1:30:00]} a6 {[%clk 1:21:00]} 11. Bf1 {[%clk 1:29:00]}
Bc5 {[%clk 1:08:00]} 12. Nb3 {[%clk 1:16:00]} Ncxe5 {[%clk 1:07:00]} 13. Rxe5
{[%clk 1:13:00]} Nxe5 {[%clk 0:49:00]} 14. Nxc5 {[%clk 1:08:00]} Nxf3+ {[%clk
0:50:00]} 15. gxf3 {[%clk 1:09:00]} b6 {[%clk 0:48:00]} 16. Nd3 {[%clk 1:07:00]}
Bb7 {[%clk 0:48:00]} 17. Bh3 {[%clk 1:04:00]} Qe8 {[%clk 0:45:00]} 18. Bf4 {[%clk
0:47:00]} c5 {[%clk 0:23:00]} 19. Bg3 {[%clk 0:39:00]} d4 {[%clk 0:19:38]} 20.
Ne5 {[%clk 0:30:00]} Bd5 {[%clk 0:19:36]} 21. Qd3 {[%clk 0:22:00]} Qb5 {[%clk
0:16:37]} 22. Qxb5 {[%clk 0:21:00]} axb5 {[%clk 0:17:05]} 23. Nd7 {[%clk
0:19:34]} Rfe8 {[%clk 0:12:59]} 24. Nxb6 {[%clk 0:18:03]} Rxa2 {[%clk 0:13:05]}
25. Re1 {[%clk 0:17:51]} Kf7 {[%clk 0:12:35]} 26. Nxd5 {[%clk 0:11:18]} exd5
{[%clk 0:12:54]} 27. Rxe8 {[%clk 0:09:29]} Kxe8 {[%clk 0:13:10]} 28. Be6 {[%clk
0:09:10]} Rxb2 {[%clk 0:12:33]} 29. Bxd5 {[%clk 0:09:36]} Rxc2 {[%clk 0:12:33]}
30. Bc6+ {[%clk 0:09:59]} Ke7 {[%clk 0:12:59]} 31. Bxb5 {[%clk 0:10:20]} Rc1+
{[%clk 0:12:40]} 32. Kg2 {[%clk 0:10:42]} c4 {[%clk 0:12:50]} 33. Bf4 {[%clk
0:10:52]} Rc2 {[%clk 0:12:59]} 34. Kf1 {[%clk 0:10:45]} Ke6 {[%clk 0:12:12]} 35.
Ke1 {[%clk 0:10:36]} Kd5 {[%clk 0:12:00]} 36. Bd7 {[%clk 0:08:08]} g6 {[%clk
0:11:46]} 37. Bc8 {[%clk 0:05:33]} Rb2 {[%clk 0:11:50]} 38. Bc1 {[%clk 0:05:12]}
Rb8 {[%clk 0:11:47]} 39. Ba6 {[%clk 0:04:39]} Rb6 {[%clk 0:12:04]} 40. Bc8 {[%clk
0:04:48]} c3 {[%clk 0:11:56]} 41. Ke2 {[%clk 0:04:04]} Kc4 {[%clk 0:12:14]} 42.
f4 {[%clk 0:03:03]} d3+ {[%clk 0:11:03]} 43. Ke3 {[%clk 0:03:04]} Rd6 {[%clk
0:11:20]} 44. Bd2 {[%clk 0:01:27]} cxd2 {[%clk 0:11:33]} 45. Kxd2 {[%clk
0:01:53]} Rb6 {[%clk 0:11:49]} 46. f5 {[%clk 0:01:03]} Rb2+ {[%clk 0:00:12]} 47.
Ke3 {[%clk 0:00:42]} Re2+ {[%clk 0:11:51]} 48. Kf3 {[%clk 0:01:01]} gxf5 {[%clk
0:11:59]} 49. Bxf5 {[%clk 0:01:05]} Re7 {[%clk 0:12:20]} 50. Bc8 {[%clk 0:00:49]}
Kc3 {[%clk 0:12:35]} 51. Kf4 {[%clk 0:00:40]} d2 {[%clk 0:12:57]} 52. Bg4 {[%clk
0:01:04]} Rf7+ {[%clk 0:12:51]} 53. Kg3 {[%clk 0:01:05]} Rg7 {[%clk 0:13:07]} 54.
f4 {[%clk 0:00:42]} d1Q {[%clk 0:13:07]} 0-1

[Event "Campeonato España Sub 14"]
[Site "Salobreña"]
[Date "2017.07.17"]
[Round "2"]
[White "Rodriguez Del Cerro, Ricardo"]
[Black "Serrera Sanchez-Romo, Sergio"]
[Result "1/2-1/2"]
[Board "10"]
[WhiteClock "1:30"]
[WhiteElo "2034"]
[WhiteCountry "ESP"]
[WhiteFideId "24512451"]
[WhiteEloChange "-8"]
[BlackClock "1:30"]
[BlackElo "1679"]
[BlackCountry "ESP"]
[BlackFideId "24527220"]
[BlackEloChange "8"]

1. d4 {[%clk 1:30:00]} d5 {[%clk 1:30:00]} 2. c4 {[%clk 1:31:00]} c6 {[%clk
1:31:00]} 3. Nf3 {[%clk 1:31:00]} Nf6 {[%clk 1:31:00]} 4. Nc3 {[%clk 1:32:00]} e6
{[%clk 1:31:00]} 5. e3 {[%clk 1:32:00]} Nbd7 {[%clk 1:30:00]} 6. Bd3 {[%clk
1:33:00]} dxc4 {[%clk 1:28:00]} 7. Bxc4 {[%clk 1:33:00]} b5 {[%clk 1:27:00]} 8.
Bd3 {[%clk 1:33:00]} Bd6 {[%clk 1:24:00]} 9. O-O {[%clk 1:33:00]} O-O {[%clk
1:21:00]} 10. e4 {[%clk 1:33:00]} e5 {[%clk 1:13:00]} 11. d5 {[%clk 1:34:00]}
cxd5 {[%clk 1:03:00]} 12. Nxd5 {[%clk 1:24:00]} Nxd5 {[%clk 0:52:00]} 13. exd5
{[%clk 1:25:00]} a6 {[%clk 0:39:00]} 14. Ng5 {[%clk 1:14:00]} Nf6 {[%clk
0:30:00]} 15. f4 {[%clk 1:02:00]} h6 {[%clk 0:24:00]} 16. fxe5 {[%clk 0:32:00]}
Bxe5 {[%clk 0:21:00]} 17. Ne4 {[%clk 0:29:00]} Nxe4 {[%clk 0:18:54]} 18. Bxe4
{[%clk 0:29:00]} Bxh2+ {[%clk 0:17:02]} 19. Kxh2 {[%clk 0:29:00]} Qh4+ {[%clk
0:17:18]} 20. Kg1 {[%clk 0:29:00]} Qxe4 {[%clk 0:17:30]} 21. Qf3 {[%clk 0:23:00]}
Qxf3 {[%clk 0:16:45]} 22. Rxf3 {[%clk 0:23:00]} Rd8 {[%clk 0:14:24]} 23. Rg3
{[%clk 0:20:00]} Kh7 {[%clk 0:10:59]} 24. Rd3 {[%clk 0:20:00]} Bb7 {[%clk
0:08:56]} 25. d6 {[%clk 0:20:00]} Rd7 {[%clk 0:07:57]} 26. Be3 {[%clk 0:20:00]}
Rc8 {[%clk 0:07:09]} 27. Rd2 {[%clk 0:17:06]} f6 {[%clk 0:05:17]} 28. Re1 {[%clk
0:17:13]} Re8 {[%clk 0:04:56]} 29. Kf2 {[%clk 0:14:50]} Re6 {[%clk 0:04:52]} 30.
Bc5 {[%clk 0:06:54]} Rxe1 {[%clk 0:00:35]} 31. Kxe1 {[%clk 0:06:54]} Kg8 {[%clk
0:00:33]} 32. b4 {[%clk 0:06:54]} Kf7 {[%clk 0:00:33]} 33. Kf2 {[%clk 0:06:54]}
f5 {[%clk 0:00:32]} 34. Re2 {[%clk 0:06:54]} Be4 {[%clk 0:00:32]} 35. g4 {[%clk
0:06:54]} g6 {[%clk 0:00:32]} 36. Kg3 {[%clk 0:06:54]} g5 {[%clk 0:00:32]} 37.
gxf5 {[%clk 0:06:54]} Bxf5 {[%clk 0:00:32]} 38. Re5 {[%clk 0:06:54]} Kg6 {[%clk
0:00:32]} 39. Re8 {[%clk 0:06:54]} h5 {[%clk 0:00:32]} 40. Rg8+ {[%clk 0:06:54]}
Rg7 {[%clk 0:00:32]} 41. Ra8 {[%clk 0:06:54]} h4+ {[%clk 0:00:32]} 42. Kf3 {[%clk
0:06:54]} g4+ {[%clk 0:00:32]} 43. Kf4 {[%clk 0:06:54]} Bd7 {[%clk 0:00:32]} 44.
Rh8 {[%clk 0:06:54]} Rf7+ {[%clk 0:00:32]} 45. Ke3 {[%clk 0:06:54]} Rh7 {[%clk
0:00:32]} 46. Rxh7 {[%clk 0:06:54]} Kxh7 {[%clk 0:00:32]} 47. Kf4 {[%clk
0:06:54]} Kg6 {[%clk 0:00:32]} 48. Bf2 {[%clk 0:06:54]} Kh5 {[%clk 0:00:32]} 49.
Be1 {[%clk 0:06:54]} g3 {[%clk 0:00:32]} 50. Bc3 {[%clk 0:06:54]} g2 {[%clk
0:00:32]} 51. Bd4 {[%clk 0:06:54]} h3 {[%clk 0:00:32]} 52. Kg3 {[%clk 0:06:54]}
Kg6 {[%clk 0:00:32]} 53. Bc5 {[%clk 0:06:54]} Kf7 {[%clk 0:00:32]} 54. Kh2 {[%clk
0:06:54]} Be6 {[%clk 0:00:32]} 55. a3 {[%clk 0:06:54]} Ke8 {[%clk 0:00:32]} 56.
Kg3 {[%clk 0:06:54]} Kd7 {[%clk 0:00:32]} 57. Kh2 {[%clk 0:06:54]} Kc6 {[%clk
0:00:32]} 58. Kg1 {[%clk 0:06:54]} Kd5 {[%clk 0:00:32]} 59. Kh2 {[%clk 0:06:54]}
Kc4 {[%clk 0:00:32]} 60. Kg1 {[%clk 0:06:54]} Kb3 {[%clk 0:00:32]} 61. Bb6 {[%clk
0:06:54]} Kxa3 {[%clk 0:00:32]} 62. Ba5 {[%clk 0:06:54]} Bd7 {[%clk 0:00:32]} 63.
Kh2 {[%clk 0:06:54]} Kb3 {[%clk 0:00:32]} 64. Kg1 {[%clk 0:06:54]} Kc4 {[%clk
0:00:32]} 65. Kh2 {[%clk 0:06:54]} Kd5 {[%clk 0:00:32]} 66. Bc7 {[%clk 0:06:54]}
Ke5 {[%clk 0:00:32]} 67. Bb8 {[%clk 0:06:54]} Ke4 {[%clk 0:00:32]} 68. Bc7 {[%clk
0:06:54]} Kf3 {[%clk 0:00:32]} 69. Bb6 {[%clk 0:06:54]} Ke2 {[%clk 0:00:32]} 70.
Kg1 {[%clk 0:06:54]} Bc6 {[%clk 0:00:32]} 71. Bc5 {[%clk 0:06:54]} Kd3 {[%clk
0:00:32]} 72. Bb6 {[%clk 0:06:54]} Ke4 {[%clk 0:00:32]} 73. Kh2 {[%clk 0:06:54]}
Bd7 {[%clk 0:00:32]} 74. Kg1 {[%clk 0:06:54]} Kf3 {[%clk 0:00:32]} 75. Kh2 {[%clk
0:06:54]} 1/2-1/2

[Event "Campeonato España Sub 14"]
[Site "Salobreña"]
[Date "2017.07.17"]
[Round "2"]
[White "Bertomeu Ginestar, Antoni"]
[Black "Perez Perez, Gabriel"]
[Result "1/2-1/2"]
[Board "11"]
[WhiteClock "n/a"]
[WhiteElo "1660"]
[WhiteCountry "ESP"]
[WhiteFideId "24528277"]
[WhiteEloChange "8"]
[BlackClock "n/a"]
[BlackElo "2000"]
[BlackCountry "ESP"]
[BlackFideId "32089147"]
[BlackEloChange "-8"]

1. e4 {[%clk 1:30:30]} c5 {[%clk 1:30:30]} 2. Nf3 {[%clk 1:30:30]} d6 {[%clk
1:30:30]} 3. d4 {[%clk 1:30:30]} cxd4 {[%clk 1:30:30]} 4. Nxd4 {[%clk 1:30:30]}
Nf6 {[%clk 1:30:30]} 5. Nc3 {[%clk 1:30:30]} a6 {[%clk 1:30:30]} 6. Be2 {[%clk
1:30:30]} e6 {[%clk 1:30:30]} 7. O-O {[%clk 1:30:30]} Be7 {[%clk 1:30:30]} 8. Be3
{[%clk 1:30:30]} Nc6 {[%clk 1:30:30]} 9. f4 {[%clk 1:30:30]} Qc7 {[%clk 1:30:30]}
10. Qe1 {[%clk 1:30:30]} Nxd4 {[%clk 1:30:30]} 11. Bxd4 {[%clk 1:30:30]} e5
{[%clk 1:30:30]} 12. fxe5 {[%clk 1:30:30]} dxe5 {[%clk 1:30:30]} 13. Qg3 {[%clk
1:30:30]} Bc5 {[%clk 1:30:30]} 14. Bxc5 {[%clk 1:30:30]} Qxc5+ {[%clk 1:30:30]}
15. Kh1 {[%clk 1:30:30]} Kf8 {[%clk 1:30:30]} 16. Rad1 {[%clk 1:30:30]} Be6
{[%clk 1:30:30]} 17. Qg5 {[%clk 1:30:30]} h6 {[%clk 1:30:30]} 18. Qg3 {[%clk
1:30:30]} b5 {[%clk 1:30:30]} 19. a3 {[%clk 1:30:30]} Re8 {[%clk 1:30:30]} 20. h3
{[%clk 1:30:30]} Bc4 {[%clk 1:30:30]} 21. Bxc4 {[%clk 1:30:30]} Qxc4 {[%clk
1:30:30]} 22. Qf3 {[%clk 1:30:30]} h5 {[%clk 1:30:30]} 23. Rd6 {[%clk 1:30:30]}
Rh6 {[%clk 1:30:30]} 24. Nd5 {[%clk 1:30:30]} Re6 {[%clk 1:30:30]} 25. Rd8+
{[%clk 1:30:30]} Re8 {[%clk 1:30:30]} 26. Rd6 {[%clk 1:30:30]} Re6 {[%clk
1:30:30]} 27. Rd8+ {[%clk 1:30:30]} Re8 {[%clk 1:30:30]} 28. Rd6 {[%clk 1:30:30]}
Re6 {[%clk 1:30:30]} 29. Rd8+ {[%clk 1:30:30]} Re8 {[%clk 1:30:30]} 30. Rd6
{[%clk 1:30:30]} 1/2-1/2

[Event "Campeonato España Sub 14"]
[Site "Salobreña"]
[Date "2017.07.17"]
[Round "2"]
[White "Guillo Longares, Cecilia"]
[Black "Sanabria Taskila, Jenny Maria"]
[Result "1-0"]
[Board "12"]
[WhiteClock "1:30"]
[WhiteElo "1997"]
[WhiteCountry "ESP"]
[WhiteFideId "32082681"]
[WhiteEloChange "3"]
[BlackClock "1:30"]
[BlackElo "1674"]
[BlackCountry "ESP"]
[BlackFideId "32066139"]
[BlackEloChange "-3"]

1. d4 {[%clk 1:30:00]} Nf6 {[%clk 1:30:00]} 2. c4 {[%clk 1:31:00]} e6 {[%clk
1:31:00]} 3. Nf3 {[%clk 1:31:00]} d5 {[%clk 1:31:00]} 4. Nc3 {[%clk 1:32:00]} c6
{[%clk 1:31:00]} 5. Bg5 {[%clk 1:32:00]} Nbd7 {[%clk 1:30:00]} 6. e3 {[%clk
1:32:00]} Be7 {[%clk 1:26:00]} 7. Bd3 {[%clk 1:31:00]} dxc4 {[%clk 1:25:00]} 8.
Bxc4 {[%clk 1:31:00]} b5 {[%clk 1:24:00]} 9. Bd3 {[%clk 1:31:00]} Bb7 {[%clk
1:21:00]} 10. a3 {[%clk 1:29:00]} a5 {[%clk 1:15:00]} 11. O-O {[%clk 1:21:00]}
O-O {[%clk 1:06:00]} 12. Rc1 {[%clk 1:15:00]} Rc8 {[%clk 1:00:00]} 13. Bxf6
{[%clk 1:04:00]} Nxf6 {[%clk 0:51:00]} 14. Ne4 {[%clk 0:52:00]} Nd7 {[%clk
0:44:00]} 15. Qe2 {[%clk 0:51:00]} Qb6 {[%clk 0:39:00]} 16. Nfd2 {[%clk 0:46:00]}
e5 {[%clk 0:30:00]} 17. Nb3 {[%clk 0:42:00]} f5 {[%clk 0:16:27]} 18. Nec5 {[%clk
0:41:00]} Nxc5 {[%clk 0:11:35]} 19. Nxc5 {[%clk 0:41:00]} Bxc5 {[%clk 0:09:49]}
20. Rxc5 {[%clk 0:28:00]} e4 {[%clk 0:08:19]} 21. Bb1 {[%clk 0:28:00]} b4 {[%clk
0:07:14]} 22. Ba2+ {[%clk 0:27:00]} Kh8 {[%clk 0:05:27]} 23. Qc2 {[%clk 0:24:00]}
Rb8 {[%clk 0:04:42]} 24. Be6 {[%clk 0:22:00]} g6 {[%clk 0:03:37]} 25. axb4 {[%clk
0:18:33]} Qxb4 {[%clk 0:03:57]} 26. b3 {[%clk 0:17:46]} Ba6 {[%clk 0:03:43]} 27.
Rc1 {[%clk 0:16:25]} Bb5 {[%clk 0:03:05]} 28. Qb2 {[%clk 0:14:09]} Rf6 {[%clk
0:02:06]} 29. d5 {[%clk 0:13:56]} Kg7 {[%clk 0:02:13]} 30. dxc6 {[%clk 0:12:53]}
Rd8 {[%clk 0:02:08]} 31. c7 {[%clk 0:12:53]} 1-0

[Event "Campeonato España Sub 14"]
[Site "Salobreña"]
[Date "2017.07.17"]
[Round "2"]
[White "Salvatierra Alzorriz, Haizea"]
[Black "Cespedes Llaverias, Llibert"]
[Result "0-1"]
[Board "13"]
[WhiteClock "1:30"]
[WhiteElo "1653"]
[WhiteCountry "ESP"]
[WhiteFideId "32066074"]
[WhiteEloChange "-2"]
[BlackClock "1:30"]
[BlackElo "1996"]
[BlackCountry "ESP"]
[BlackFideId "32065949"]
[BlackEloChange "2"]

1. e4 {[%clk 1:30:00]} c5 {[%clk 1:30:00]} 2. c3 {[%clk 1:31:00]} Nf6 {[%clk
1:31:00]} 3. e5 {[%clk 1:18:00]} Nd5 {[%clk 1:20:00]} 4. d4 {[%clk 0:58:00]} cxd4
{[%clk 1:20:00]} 5. cxd4 {[%clk 0:58:00]} Nc6 {[%clk 1:18:00]} 6. Nf3 {[%clk
0:58:00]} d6 {[%clk 1:18:00]} 7. Bc4 {[%clk 0:58:00]} Nb6 {[%clk 1:13:00]} 8. Bb3
{[%clk 0:58:00]} d5 {[%clk 1:13:00]} 9. Nc3 {[%clk 0:58:00]} Bg4 {[%clk 1:13:00]}
10. Be3 {[%clk 0:58:00]} e6 {[%clk 1:12:00]} 11. O-O {[%clk 0:58:00]} Be7 {[%clk
1:12:00]} 12. Rc1 {[%clk 0:58:00]} Rc8 {[%clk 1:12:00]} 13. Qe2 {[%clk 0:57:00]}
O-O {[%clk 1:12:00]} 14. a3 {[%clk 0:57:00]} Na5 {[%clk 1:12:00]} 15. Bc2 {[%clk
0:57:00]} Nac4 {[%clk 1:12:00]} 16. Bd3 {[%clk 0:56:00]} Bxf3 {[%clk 1:12:00]}
17. Qxf3 {[%clk 0:56:00]} Nxb2 {[%clk 1:08:00]} 18. Bb1 {[%clk 0:51:00]} N2c4
{[%clk 1:01:00]} 19. Qh3 {[%clk 0:51:00]} g6 {[%clk 1:01:00]} 20. Bh6 {[%clk
0:51:00]} Bg5 {[%clk 0:47:00]} 21. Bxg5 {[%clk 0:46:00]} Qxg5 {[%clk 0:47:00]}
22. f4 {[%clk 0:46:00]} Qe7 {[%clk 0:45:00]} 23. a4 {[%clk 0:35:00]} Nd2 {[%clk
0:44:00]} 24. Rfe1 {[%clk 0:33:00]} Nxb1 {[%clk 0:36:00]} 25. Rxb1 {[%clk
0:33:00]} Nc4 {[%clk 0:32:00]} 26. Re2 {[%clk 0:31:00]} Rc6 {[%clk 0:27:00]} 27.
Qd3 {[%clk 0:28:00]} Rfc8 {[%clk 0:26:00]} 28. Nb5 {[%clk 0:28:00]} b6 {[%clk
0:25:00]} 29. Rc2 {[%clk 0:23:00]} a6 {[%clk 0:20:00]} 30. Nd6 {[%clk 0:21:00]}
Nxd6 {[%clk 0:20:00]} 31. Rxc6 {[%clk 0:21:00]} Rxc6 {[%clk 0:18:32]} 32. exd6
{[%clk 0:22:00]} Qxd6 {[%clk 0:17:21]} 33. Qxa6 {[%clk 0:21:00]} Qc7 {[%clk
0:16:07]} 34. Qf1 {[%clk 0:20:00]} Rc4 {[%clk 0:16:20]} 35. Qd1 {[%clk 0:18:56]}
Qxf4 {[%clk 0:16:20]} 0-1

[Event "Campeonato España Sub 14"]
[Site "Salobreña"]
[Date "2017.07.17"]
[Round "2"]
[White "Ingunza Curro, Andres"]
[Black "Ingunza Curro, Andres"]
[Result "1-0"]
[Board "14"]
[WhiteClock "1:30"]
[WhiteElo "1992"]
[WhiteCountry "ESP"]
[WhiteFideId "24526371"]
[WhiteEloChange "10"]
[BlackClock "1:30"]
[BlackElo "1992"]
[BlackCountry "ESP"]
[BlackFideId "24526371"]
[BlackEloChange "-10"]

1. e4 {[%clk 1:30:00]} c5 {[%clk 1:30:00]} 2. Nf3 {[%clk 1:31:00]} g6 {[%clk
1:30:00]} 3. d4 {[%clk 1:31:00]} cxd4 {[%clk 1:30:00]} 4. Nxd4 {[%clk 1:31:00]}
Bg7 {[%clk 1:31:00]} 5. c4 {[%clk 1:30:00]} Nc6 {[%clk 1:30:00]} 6. Be3 {[%clk
1:30:00]} Nf6 {[%clk 1:30:00]} 7. Nc3 {[%clk 1:30:00]} O-O {[%clk 1:30:00]} 8.
Be2 {[%clk 1:30:00]} d6 {[%clk 1:30:00]} 9. O-O {[%clk 1:29:00]} Bd7 {[%clk
1:29:00]} 10. Qd2 {[%clk 1:29:00]} Nxd4 {[%clk 1:29:00]} 11. Bxd4 {[%clk
1:29:00]} Bc6 {[%clk 1:29:00]} 12. f3 {[%clk 1:29:00]} a5 {[%clk 1:28:00]} 13. b3
{[%clk 1:28:00]} Nd7 {[%clk 1:27:00]} 14. Be3 {[%clk 1:27:00]} Nc5 {[%clk
1:26:00]} 15. Rab1 {[%clk 1:26:00]} Qb6 {[%clk 1:25:00]} 16. Rfc1 {[%clk
1:26:00]} Rfc8 {[%clk 1:24:00]} 17. Kh1 {[%clk 1:19:00]} Qd8 {[%clk 1:23:00]} 18.
Bf1 {[%clk 1:16:00]} Be5 {[%clk 1:20:00]} 19. Nd5 {[%clk 0:52:00]} e6 {[%clk
1:18:00]} 20. Nc3 {[%clk 0:50:00]} Qh4 {[%clk 1:17:00]} 21. g4 {[%clk 0:15:54]}
f5 {[%clk 1:06:00]} 22. Bg5 {[%clk 0:10:11]} Bxc3 {[%clk 1:01:00]} 23. Rxc3
{[%clk 0:09:14]} Nxe4 {[%clk 1:00:00]} 24. fxe4 {[%clk 0:08:41]} Bxe4+ {[%clk
1:00:00]} 25. Kg1 {[%clk 0:08:22]} Qxg4+ {[%clk 1:00:00]} 26. Rg3 {[%clk
0:08:46]} Qh5 {[%clk 0:59:00]} 27. Be2 {[%clk 0:08:46]} 1-0

[Event "Campeonato España Sub 14"]
[Site "Salobreña"]
[Date "2017.07.17"]
[Round "2"]
[White "Labiano Hernandez, Juan"]
[Black "Aledo Yanguas, David"]
[Result "0-1"]
[Board "15"]
[WhiteClock "1:30"]
[WhiteElo "1653"]
[WhiteCountry "ESP"]
[WhiteFideId "24556840"]
[WhiteEloChange "-2"]
[BlackClock "1:30"]
[BlackElo "1992"]
[BlackCountry "ESP"]
[BlackFideId "22287108"]
[BlackEloChange "2"]

1. e4 {[%clk 1:30:00]} e6 {[%clk 1:30:00]} 2. Nc3 {[%clk 1:30:00]} d5 {[%clk
1:31:00]} 3. Nf3 {[%clk 1:31:00]} Nf6 {[%clk 1:31:00]} 4. e5 {[%clk 1:31:00]}
Nfd7 {[%clk 1:31:00]} 5. d4 {[%clk 1:31:00]} c5 {[%clk 1:31:00]} 6. dxc5 {[%clk
1:31:00]} Bxc5 {[%clk 1:32:00]} 7. Bd3 {[%clk 1:31:00]} Nc6 {[%clk 1:32:00]} 8.
Bf4 {[%clk 1:31:00]} h6 {[%clk 1:29:00]} 9. Qd2 {[%clk 1:29:00]} f5 {[%clk
1:24:00]} 10. exf6 {[%clk 1:28:00]} Qxf6 {[%clk 1:24:00]} 11. O-O {[%clk
1:25:00]} O-O {[%clk 1:24:00]} 12. Bg3 {[%clk 1:25:00]} Bb4 {[%clk 1:14:00]} 13.
a3 {[%clk 1:19:00]} Bxc3 {[%clk 1:14:00]} 14. Qxc3 {[%clk 1:15:00]} Qxc3 {[%clk
1:13:00]} 15. bxc3 {[%clk 1:16:00]} Nb6 {[%clk 1:09:00]} 16. Nd4 {[%clk 1:14:00]}
Na4 {[%clk 1:05:00]} 17. Rfe1 {[%clk 1:12:00]} Nxc3 {[%clk 1:03:00]} 18. Nxe6
{[%clk 1:10:00]} Bxe6 {[%clk 1:03:00]} 19. Rxe6 {[%clk 1:10:00]} Rae8 {[%clk
0:50:00]} 20. Rae1 {[%clk 1:07:00]} Rxe6 {[%clk 0:50:00]} 21. Rxe6 {[%clk
1:08:00]} Rd8 {[%clk 0:44:00]} 22. f3 {[%clk 1:07:00]} Nb1 {[%clk 0:43:00]} 23.
a4 {[%clk 1:05:00]} Nc3 {[%clk 0:42:00]} 24. a5 {[%clk 1:05:00]} Kf7 {[%clk
0:40:00]} 25. Rd6 {[%clk 1:02:00]} Rxd6 {[%clk 0:39:00]} 26. Bxd6 {[%clk
0:58:00]} Na2 {[%clk 0:37:00]} 27. a6 {[%clk 0:57:00]} bxa6 {[%clk 0:34:00]} 28.
Bxa6 {[%clk 0:58:00]} Nab4 {[%clk 0:35:00]} 29. Bb5 {[%clk 0:58:00]} Nd4 {[%clk
0:32:00]} 30. Ba4 {[%clk 0:56:00]} Nbxc2 {[%clk 0:30:00]} 31. Bc5 {[%clk
0:56:00]} a6 {[%clk 0:31:00]} 32. Kf2 {[%clk 0:57:00]} Ne6 {[%clk 0:29:00]} 33.
Bb6 {[%clk 0:56:00]} Na3 {[%clk 0:28:00]} 34. Bc6 {[%clk 0:55:00]} Nc4 {[%clk
0:27:00]} 35. Ba7 {[%clk 0:55:00]} Nc7 {[%clk 0:27:00]} 36. Bb8 {[%clk 0:55:00]}
Na5 {[%clk 0:27:00]} 37. Ba4 {[%clk 0:54:00]} Ne6 {[%clk 0:26:00]} 38. Ba7 {[%clk
0:42:00]} Ke7 {[%clk 0:25:00]} 39. g3 {[%clk 0:41:00]} Kd6 {[%clk 0:25:00]} 40.
f4 {[%clk 0:40:00]} Nc6 {[%clk 0:23:00]} 41. Bb6 {[%clk 0:30:00]} Nc5 {[%clk
0:23:00]} 42. Bc2 {[%clk 0:28:00]} d4 {[%clk 0:22:00]} 43. g4 {[%clk 0:27:00]}
Nd7 {[%clk 0:23:00]} 44. Bxd4 {[%clk 0:27:00]} Nxd4 {[%clk 0:23:00]} 45. Bd3
{[%clk 0:27:00]} a5 {[%clk 0:23:00]} 46. g5 {[%clk 0:27:00]} hxg5 {[%clk
0:23:00]} 47. fxg5 {[%clk 0:28:00]} Nc5 {[%clk 0:23:00]} 48. Bc4 {[%clk 0:28:00]}
a4 {[%clk 0:23:00]} 49. Ba2 {[%clk 0:27:00]} Ne4+ {[%clk 0:22:00]} 50. Ke3 {[%clk
0:27:00]} Nc3 {[%clk 0:27:00]} 51. Bf7 {[%clk 0:19:51]} Ne6 {[%clk 0:20:00]} 52.
Kd3 {[%clk 0:26:00]} Nxg5 {[%clk 0:19:28]} 53. Be8 {[%clk 0:26:00]} Nce4 {[%clk
0:19:23]} 54. h4 {[%clk 0:26:00]} Ne6 {[%clk 0:18:59]} 55. Kc2 {[%clk 0:26:00]}
N4c5 {[%clk 0:18:13]} 56. Kb2 {[%clk 0:26:00]} Ke5 {[%clk 0:17:58]} 57. h5 {[%clk
0:19:07]} Kf6 {[%clk 0:18:16]} 58. Ka3 {[%clk 0:19:13]} Kg5 {[%clk 0:18:28]} 59.
Kb2 {[%clk 0:19:43]} Nf4 {[%clk 0:18:35]} 60. Kc3 {[%clk 0:20:00]} Nxh5 {[%clk
0:18:40]} 61. Kb4 {[%clk 0:20:00]} Nf6 {[%clk 0:18:43]} 62. Bf7 {[%clk 0:20:00]}
Nfe4 {[%clk 0:18:38]} 63. Ka3 {[%clk 0:20:00]} Kf5 {[%clk 0:18:32]} 64. Ka2
{[%clk 0:19:59]} g5 {[%clk 0:18:50]} 65. Bh5 {[%clk 0:20:00]} g4 {[%clk 0:19:08]}
66. Bxg4+ {[%clk 0:20:00]} Kxg4 {[%clk 0:19:25]} 67. Ka1 {[%clk 0:21:00]} Kf3
{[%clk 0:19:36]} 68. Ka2 {[%clk 0:21:00]} Ke3 {[%clk 0:19:54]} 69. Ka1 {[%clk
0:21:00]} Kd3 {[%clk 0:20:00]} 70. Ka2 {[%clk 0:22:00]} Kc4 {[%clk 0:20:00]} 71.
Ka3 {[%clk 0:22:00]} Nc3 {[%clk 0:20:00]} 72. Kb2 {[%clk 0:19:21]} Kb4 {[%clk
0:20:00]} 73. Ka1 {[%clk 0:19:16]} 0-1

[Event "Campeonato España Sub 14"]
[Site "Salobreña"]
[Date "2017.07.17"]
[Round "2"]
[White "Cisneros Serra, Javier"]
[Black "Arjol Lopez, Daniel"]
[Result "0-1"]
[Board "16"]
[WhiteClock "1:30"]
[WhiteElo "1651"]
[WhiteCountry "ESP"]
[WhiteFideId "32066040"]
[WhiteEloChange "-2"]
[BlackClock "1:30"]
[BlackElo "1990"]
[BlackCountry "ESP"]
[BlackFideId "32099398"]
[BlackEloChange "2"]

1. e4 {[%clk 1:30:00]} c5 {[%clk 1:30:00]} 2. c3 {[%clk 1:31:00]} g6 {[%clk
1:31:00]} 3. d4 {[%clk 1:31:00]} cxd4 {[%clk 1:31:00]} 4. cxd4 {[%clk 1:31:00]}
d5 {[%clk 1:32:00]} 5. e5 {[%clk 1:32:00]} Bg7 {[%clk 1:32:00]} 6. Nc3 {[%clk
1:32:00]} Nc6 {[%clk 1:32:00]} 7. h3 {[%clk 1:31:00]} Nh6 {[%clk 1:32:00]} 8. Nf3
{[%clk 1:31:00]} O-O {[%clk 1:33:00]} 9. Bb5 {[%clk 1:31:00]} e6 {[%clk 1:32:00]}
10. Bxc6 {[%clk 1:26:00]} bxc6 {[%clk 1:33:00]} 11. O-O {[%clk 1:24:00]} a5
{[%clk 1:33:00]} 12. Be3 {[%clk 1:21:00]} Nf5 {[%clk 1:33:00]} 13. Na4 {[%clk
1:16:00]} Ba6 {[%clk 1:30:00]} 14. Re1 {[%clk 1:16:00]} Bb5 {[%clk 1:29:00]} 15.
Rc1 {[%clk 1:14:00]} Qe7 {[%clk 1:26:00]} 16. Nc5 {[%clk 1:08:00]} a4 {[%clk
1:26:00]} 17. Nd2 {[%clk 1:04:00]} Rfb8 {[%clk 1:21:00]} 18. Nb1 {[%clk 1:00:00]}
Nxe3 {[%clk 1:20:00]} 19. fxe3 {[%clk 1:00:00]} f6 {[%clk 1:19:00]} 20. exf6
{[%clk 0:59:00]} Bxf6 {[%clk 1:18:00]} 21. Nc3 {[%clk 0:55:00]} Bh4 {[%clk
1:17:00]} 22. Qg4 {[%clk 0:48:00]} Bxe1 {[%clk 1:18:00]} 23. Rxe1 {[%clk
0:49:00]} Re8 {[%clk 1:14:00]} 24. e4 {[%clk 0:46:00]} Qd6 {[%clk 1:08:00]} 25.
e5 {[%clk 0:43:00]} Qe7 {[%clk 1:08:00]} 26. Ne2 {[%clk 0:42:00]} Bxe2 {[%clk
1:07:00]} 27. Rxe2 {[%clk 0:42:00]} a3 {[%clk 1:04:00]} 28. b3 {[%clk 0:42:00]}
Kg7 {[%clk 1:04:00]} 29. Rf2 {[%clk 0:40:00]} h5 {[%clk 1:05:00]} 30. Qg3 {[%clk
0:37:00]} Rf8 {[%clk 1:05:00]} 31. Rc2 {[%clk 0:35:00]} Rf5 {[%clk 1:03:00]} 32.
Na4 {[%clk 0:30:00]} Qa7 {[%clk 1:00:00]} 33. Nc5 {[%clk 0:29:00]} Qf7 {[%clk
1:00:00]} 34. Qd3 {[%clk 0:28:00]} Rf8 {[%clk 1:00:00]} 35. Qe2 {[%clk 0:26:00]}
Rf1+ {[%clk 1:00:00]} 36. Kh2 {[%clk 0:26:00]} Qf4+ {[%clk 1:00:00]} 37. g3
{[%clk 0:26:00]} Qf2+ {[%clk 1:00:00]} 38. Qxf2 {[%clk 0:26:00]} R8xf2+ {[%clk
1:01:00]} 39. Rxf2 {[%clk 0:26:00]} Rxf2+ {[%clk 1:01:00]} 40. Kg1 {[%clk
0:27:00]} Rxa2 {[%clk 1:02:00]} 41. Nxe6+ {[%clk 0:27:00]} Kg8 {[%clk 1:02:00]}
42. Nc5 {[%clk 0:27:00]} Rc2 {[%clk 1:02:00]} 0-1